000 00528nam a2200205Ia 4500
005 20250923144410.0
008 008 250917s9999 xx 000 0 eng d
037 _aTextual
040 _aDSWL
_beng
_cDSWL
041 _aeng
_2eng
084 _aQ7, H7
_qDSWL
100 _aArnold, S.T
_9824491
245 0 _aLegancy of Islam
_cby S.T Arnold
260 _aLondon
_bOUP
_c1947
300 _a416 p.
365 _aINR
_b10.3
925 _g10.3
942 _cTEXL
_hQ7, H7
999 _c1438359
_d1438359